Estadísticas para Origen de los clubes argentinos

Haz click aquí para intentar la prueba.

Estadísticas generales

  • Esta prueba ha sido intentada 220 veces
  • La puntuación promedio es 19 de 25

Estadísticas de respuestas

EquipoOrigen% Correcto
Boca JuniorsLa Boca
96%
IndependienteAvellaneda
95%
RacingAvellaneda
95%
EstudiantesLa Plata
91%
River PlateNúñez
90%
Newell's Old BoysRosario
90%
BelgranoCórdoba
88%
InstitutoCórdoba
88%
UniónSanta Fe
87%
ColónSanta Fe
87%
ArsenalSarandí
82%
AldosiviMar del Plata
80%
San LorenzoAlmagro
79%
OlimpoBahía Blanca
78%
SarmientoJunín
78%
Vélez SarsfieldLiniers
73%
HuracánParque Patricios
72%
Argentinos JrsLa Paternal
70%
Defensa y JusticiaFlorencio Varela
69%
PatronatoParaná
68%
Nueva ChicagoMataderos
64%
AtlantaVilla Crespo
55%
TigreVictoria
54%
SantamarinaTandil
52%
Almirante BrownIsidro Casanova
34%

Distribución de puntuación

Porcentaje por número respondido

Porcentaje de gente con cada puntuación

Historial de tus puntuaciones

No has intentado esta prueba.